[Event "Moscow Open RSSU Cup 2019"]
[Site "Moscow"]
[Date "2019.01.30"]
[Round "5"]
[White "Kokarev, Dmitry"]
[Black "Khanin, Semen"]
[Result "0-1"]
[WhiteElo "2605"]
[BlackElo "2514"]
[Annotator "TA"]
[PlyCount "74"]
[EventDate "2019.01.26"]
[EventType "swiss"]
[EventCountry "RUS"]
[SourceTitle "playchess.com"]
[Source "ChessBase"]
[SourceQuality "1"]

{[%evp 9,74,25,24,8,21,3,28,26,27,21,25,22,27,25,31,33,54,43,28,36,28,28,29,8,8,8,8,8,8,8,8,7,26,20,12,0,0,0,0,0,0,0,0,0,0,0,0,-4,-11,-8,-7,-8,-5,-6,-9,-87,-86,-151,-149,-235,-233,-416,-415,-462,-456,-792,-786]} 1. c4 ({Predecessor:} 1. g3 e5 2. c4 {1-0 (52) Marcu,V (2022)-Speisser,P (2176) ICCF email 2015}) 1... Nf6 $146 (1... e5 2. g3 {1-0 (31) Mamedyarov,S (2817)-Ganguly,S (2615) Kolkata 2018}) 2. g3 e5 3. Bg2 c6 4. Nf3 e4 5. Nd4 d5 6. d3 {A20: English Opening: 1...e5} (6. cxd5 cxd5 7. d3 Bc5 8. Nb3 Bb6 9. O-O O-O 10. Nc3 Bf5 11. Bg5 Re8 12. Bxf6 Qxf6 13. Nxd5 Qxb2 14. dxe4 Bg4 15. Bf3 Bh3 16. Qc1 Qe5 17. Rd1 Nc6 18. Qf4 {1-0 (31) Mamedyarov,S (2817)-Ganguly,S (2615) Kolkata 2018}) 6... Bc5 7. Nb3 Bb4+ 8. Bd2 {White has an edge.} Bxd2+ 9. Qxd2 dxc4 10. dxc4 Qe7 11. Nc3 O-O 12. Rd1 Re8 13. Qd6 Qxd6 14. Rxd6 Bf5 15. Nc5 Nbd7 $1 {[%cal Rd7c5]} 16. Nxb7 Rab8 17. Na5 {Strongly threatening b3.} Rxb2 18. Nxc6 Re6 19. Rxe6 Bxe6 20. Kd1 Bxc4 21. Kc1 Rb6 22. Nd4 Nc5 23. Rd1 g6 24. Nc2 Rc6 25. Rd8+ Kg7 26. Nd4 Rc7 27. Kd2 Nb7 28. Ra8 Rd7 29. e3 Nd6 30. Bh3 $132 {[%mdl 2048] White puts up resistance} Rb7 31. Rd8 Rb6 32. Kc1 (32. Bg2 $11 {keeps the balance.}) 32... Bd3 $1 $17 33. a4 ({White should try} 33. Kd1) 33... Nc4 {And now ...Rb2 would win.} 34. Rc8 {[#]} (34. Kd1 $17) 34... Nd5 $1 $19 {[%cal Rd5c3][%mdl 512]} 35. a5 $2 (35. Rxc4 Bxc4 36. Nxe4) (35. Nxd5 Rb1#) 35... Rb4 (35... Rb7 $2 36. Ncb5 $19 (36. a6 $2 Rb4 $19)) 36. Nc2 ({Don't blunder} 36. Nc6 $2 Rb3 $19) 36... Rb2 37. Ne1 (37. Nd4 $142 Nxc3 {[#]} 38. Rxc4 $1 {[%mdl 512]} Rb1+ 39. Kd2 Bxc4 40. Kxc3 Rc1+ 41. Kb4) 37... Nxc3 {Accuracy: White = 72%, Black = 84%.} 0-1

[Event "Moscow Open RSSU Cup 2019"]
[Site "Moscow"]
[Date "2019.01.30"]
[Round "5"]
[White "Timofeev, Artyom"]
[Black "Nazaretyan, Tigran"]
[Result "1-0"]
[WhiteElo "2592"]
[BlackElo "2250"]
[Annotator "TA"]
[PlyCount "61"]
[EventDate "2019.01.26"]
[EventType "swiss"]
[EventCountry "RUS"]
[SourceTitle "playchess.com"]
[Source "ChessBase"]
[SourceQuality "1"]

{[%evp 17,61,25,41,19,37,59,33,39,50,27,42,37,49,53,106,107,102,83,92,63,68,50,152,106,361,345,623,620,646,631,896,870,948,732,881,868,881,850,743,763,29991,29979,29978,29978,29993,6175]} 1. e4 c5 2. Nf3 Nc6 $146 (2... d6 3. d4 cxd4 4. Nxd4 Nf6 5. Nc3 {1-0 (32) Leko,P (2693)-Kozul,Z (2613) Tallinn 2016}) ({Predecessor:} 2... d6 3. d4 cxd4 4. Nxd4 Nf6 5. Nc3 {1-0 (37) Rodriguez Cespedes,A (2505)-Nikolic,S (2320) Palma de Mallorca 1989}) 3. d4 cxd4 4. Nxd4 Nf6 5. Nc3 d6 6. Bg5 e6 7. Qd2 a6 8. O-O-O Bd7 9. f3 b5 10. h4 {B67: Sicilian: Richter-Rauzer: 7...a6 8 0-0-0 Bd7, lines without 9 f4 Be7} (10. Nxc6 Bxc6 11. Ne2 Bb7 12. Kb1 Be7 13. h4 O-O 14. g4 Rc8 15. Nd4 Nd7 16. Bxe7 Qxe7 17. Qe3 b4 18. g5 Nc5 {1-0 (32) Leko,P (2693)-Kozul,Z (2613) Tallinn 2016}) 10... Rc8 11. g4 Ne5 ({Predecessor:} 11... Be7 12. Kb1 h6 13. Be3 Ne5 14. Bd3 h5 15. g5 Nh7 16. f4 Nxd3 17. cxd3 g6 {1-0 (37) Rodriguez Cespedes,A (2505)-Nikolic,S (2320) Palma de Mallorca 1989}) 12. Kb1 {White is slightly better.} Qb6 13. Qe1 b4 14. Nce2 h5 15. gxh5 Rxh5 (15... Nc4 $14) 16. Ng3 $16 {And now Bxf6 would win.} Rh8 17. Rh2 a5 18. Rhd2 a4 19. f4 $36 {[%mdl 2048] White has good play.} Neg4 (19... Nc4 $14) 20. Bh3 $1 Rc3 $2 {[%mdl 8192] [#]} (20... Qa5 $16) 21. e5 $1 $18 {[%cal Re5f6]} dxe5 $2 (21... Re3) 22. fxe5 Nxe5 23. Qxe5 Bd6 24. Qe2 Bxg3 25. Nf5 Bxh4 26. Nxh4 (26. Bxh4 Rxh4 27. Nxh4 Rxh3 $18) 26... Rxh3 27. Bxf6 gxf6 28. Rxd7 {White threatens Qa6! and mate.} R3xh4 29. Qf2 {White mates.} Rd4 30. R7xd4 Rh6 31. Rd8+ {Accuracy: White = 77%, Black = 15%.} (31. Rd7 $142 Qd6 32. R7xd6 Kf8 33. Rg1 Rg6 34. Rxg6 Ke7 {[#]} 35. Qb6 $1 {[%mdl 512]} fxg6 36. Qc7+ Kf8 37. Rd8#) 1-0

[Event "Moscow Open RSSU Cup 2019"]
[Site "Moscow"]
[Date "2019.01.30"]
[Round "5"]
[White "Pridorozhni, Aleksei"]
[Black "Mozharov, Mikhail"]
[Result "1/2-1/2"]
[WhiteElo "2568"]
[BlackElo "2549"]
[Annotator "TA"]
[PlyCount "80"]
[EventDate "2019.01.26"]
[EventType "swiss"]
[EventCountry "RUS"]
[SourceTitle "playchess.com"]
[Source "ChessBase"]
[SourceQuality "1"]

{[%evp 20,80,-4,-7,9,-14,-13,-27,-17,-17,-18,-27,-29,-20,-22,-23,-38,-33,-22,-18,-25,-3,-14,-46,-46,-27,-8,-16,-10,-10,-10,-10,-10,-18,-6,-7,-10,-7,0,0,0,-17,0,-8,0,0,0,0,0,0,0,0,0,0,0,0,0,0,0,0,0,0,0]} 1. e4 c5 2. Nf3 Nc6 3. Bb5 g6 ({Predecessor:} 3... Qb6 4. Ba4 g6 5. O-O Bg7 6. Na3 Nf6 7. Re1 O-O 8. c3 d5 9. e5 Ne8 10. h3 Nc7 {1-0 (50) Schauwecker,M (2340)-Arieh,L Caracas 1976}) 4. O-O Bg7 5. Re1 $146 (5. c3 Nf6 {0-1 (82) Slipak,S (2452)-Iermito,S (2475) Saenz Pena 2014}) 5... Nf6 6. c3 O-O 7. h3 Qb6 8. Na3 d5 9. e5 Ne8 10. d3 Nc7 11. Ba4 Ne6 {B31: Sicilian: 2...Nc6 3 Bb5 g6} (11... Qa6 12. Bf4 b5 13. Bc2 Ne6 14. Bg3 Bh6 15. Nb1 b4 16. Nbd2 bxc3 17. bxc3 Rb8 18. Nb3 c4 19. dxc4 dxc4 {0-1 (82) Slipak,S (2452)-Iermito,S (2475) Saenz Pena 2014}) 12. Rb1 Rd8 ({Predecessor:} 12... Qc7 13. d4 cxd4 14. cxd4 a6 15. Bxc6 Qxc6 16. Qb3 b5 17. Be3 Bd7 18. Rec1 Qb7 19. Nc2 {1-0 (50) Schauwecker,M (2340)-Arieh,L Caracas 1976}) 13. b4 cxb4 {Black has an edge.} 14. cxb4 a5 15. Bxc6 bxc6 16. b5 Bd7 {[%cal Rc6b5]} 17. Be3 d4 18. bxc6 $1 Qxc6 19. Bd2 Qa6 20. Nc4 Bb5 21. Bxa5 (21. Qb3 {feels hotter.} Bxc4 22. Qxc4 Qxc4 23. dxc4 Rdc8 24. Rec1) 21... Rdc8 22. Bb4 Bxc4 23. dxc4 {The position is equal.} Qxa2 24. Bxe7 Qxc4 25. Rb4 Qd5 26. Qb3 Ra5 27. Qxd5 Rxd5 28. Rb6 Ra8 29. Rd6 Raa5 30. g3 h6 31. h4 Rdb5 32. Rd7 Bxe5 33. Nxe5 Rxe5 34. Rxe5 Rxe5 $11 {[%mdl 4096] Endgame KRB-KRN} 35. Bf6 Rf5 (35... Rb5 {with more complications.} 36. Kg2 Rb8 37. Bxd4 Nxd4 38. Rxd4 Rb5) 36. Bxd4 Nxd4 37. Rxd4 h5 38. Kg2 Kg7 39. Rd1 Ra5 40. Rh1 Ra8 {Accuracy: White = 61%, Black = 47%.} 1/2-1/2

[Event "Moscow Open RSSU Cup 2019"]
[Site "Moscow"]
[Date "2019.01.30"]
[Round "5"]
[White "Fedorov, Alexei"]
[Black "Kardashevskiy, Evgeny"]
[Result "1-0"]
[WhiteElo "2557"]
[BlackElo "2382"]
[Annotator "TA"]
[PlyCount "69"]
[EventDate "2019.01.26"]
[EventType "swiss"]
[EventCountry "RUS"]
[SourceTitle "playchess.com"]
[Source "ChessBase"]
[SourceQuality "1"]

{[%evp 13,69,0,13,0,0,0,0,0,0,0,15,0,9,12,14,0,-5,-13,0,0,0,10,8,11,14,0,0,0,16,8,6,0,0,0,25,18,17,25,40,2,7,0,0,0,0,0,0,0,0,0,0,0,0,0,484,488,484,476]} 1. e4 e5 2. Nf3 Nf6 3. d3 Nc6 4. c4 g6 5. Nc3 Bg7 6. Be2 {C44: Ponziani Opening and Scotch Gambit} d6 7. O-O O-O {LiveBook: 8 Games} 8. Rb1 {The position is equal.} a5 9. a3 Bg4 10. Ne1 $146 ({Predecessor:} 10. Be3 Bxf3 11. Bxf3 Nd4 12. g3 c6 {½-½ (31) Thinius,M (2380)-Grabarczyk,M (2475) Marianske Lazne 2010}) 10... Bxe2 11. Nxe2 Qb8 12. b4 axb4 13. axb4 b5 14. Qc2 bxc4 15. Qxc4 Qb7 16. b5 Nd8 17. Nc3 c6 18. Bg5 Rc8 19. Nf3 cxb5 20. Qb4 Rc5 21. Be3 Rc6 22. Nxb5 Ne6 23. d4 exd4 24. Nfxd4 Nxd4 25. Bxd4 Rb8 26. f3 Ne8 27. Ba7 Ra8 28. Bf2 Nc7 29. Nd4 Qxb4 30. Rxb4 Rca6 31. Rb7 Ne6 32. Nxe6 fxe6 33. Rfb1 Ra1 $2 {[%mdl 8192] [#]} (33... Bf6 $11 {and Black is okay.}) 34. Rxg7+ $1 $18 {[%mdl 512]} Kf8 (34... Kxg7 35. Bd4+) 35. Rgb7 {Precision: White = 53%, Black = 61%.} 1-0

[Event "Moscow Open RSSU Cup 2019"]
[Site "Moscow"]
[Date "2019.01.30"]
[Round "5"]
[White "Tsydypov, Zhamsaran"]
[Black "Avalyan, Artur"]
[Result "1-0"]
[WhiteElo "2545"]
[BlackElo "2347"]
[Annotator "TA"]
[PlyCount "51"]
[EventDate "2019.01.26"]
[EventType "swiss"]
[EventCountry "RUS"]
[SourceTitle "playchess.com"]
[Source "ChessBase"]
[SourceQuality "1"]

{[%evp 19,51,13,20,-13,-8,-10,-24,-18,2,2,0,-9,-27,-39,0,0,13,0,36,0,106,123,108,90,112,98,451,447,461,449,804,802,786,775]} 1. d4 d5 $146 ({Predecessor:} 1... Nf6 2. Nf3 {½-½ (54) Mamedyarov,S (2820)-Ding,L (2804) Batumi 2018}) 2. Nf3 Nf6 3. c4 e6 4. Nc3 c5 5. cxd5 Nxd5 6. e4 Nxc3 7. bxc3 cxd4 8. cxd4 Bb4+ 9. Bd2 Bxd2+ 10. Qxd2 O-O 11. a4 {D41: Queen's Gambit Declined: Semi-Tarrasch with 5 cxd5} ({Predecessor:} 11. Bc4 Nd7 12. O-O b6 13. Rad1 Bb7 14. Rfe1 Rc8 15. Bb3 Re8 16. h3 Nf6 17. Qf4 Nh5 18. Qh2 h6 19. d5 exd5 20. e5 g6 21. Nd4 Ng7 22. Nb5 {½-½ (54) Mamedyarov,S (2820)-Ding,L (2804) Batumi 2018}) 11... b6 12. a5 bxa5 13. Qxa5 {Black has an edge.} Bb7 14. Bd3 Nc6 15. Qc5 a5 {aiming for ...Nb4.} 16. O-O Nb4 17. Bb1 $1 Ra6 18. Re1 Qa8 19. Qh5 f5 (19... h6 $11) 20. Ng5 $16 {[%csl Gg5][%cal Rh5h7]} ({Much weaker is} 20. exf5 $6 Bxf3 21. Qxf3 Qxf3 $11) 20... h6 21. exf5 exf5 {[#]} 22. Bxf5 $1 $40 {[%mdl 640] White goes for the king.} Raf6 $2 {[%mdl 8192]} (22... Rxf5 $16 23. Re8+ {[#]} Qxe8 $1 {[%mdl 512]} 24. Qxe8+ Rf8) 23. Be6+ $18 {White is clearly winning.} Kh8 24. Nf7+ Kh7 (24... R6xf7 $142 25. Bxf7 Qb8) 25. Rxa5 Ba6 26. Rf5 {Accuracy: White = 65%, Black = 41%.} 1-0

[Event "Moscow Open RSSU Cup 2019"]
[Site "Moscow"]
[Date "2019.01.30"]
[Round "5"]
[White "Iljiushenok, Ilia"]
[Black "Murtazin, Bulat"]
[Result "1-0"]
[WhiteElo "2533"]
[BlackElo "2373"]
[Annotator "TA"]
[PlyCount "76"]
[EventDate "2019.01.26"]
[EventType "swiss"]
[EventCountry "RUS"]
[SourceTitle "playchess.com"]
[Source "ChessBase"]
[SourceQuality "1"]

{[%evp 9,76,0,0,-11,19,-5,5,0,-7,-12,0,-35,41,43,41,32,28,34,64,67,104,51,45,41,63,64,54,47,78,75,83,64,77,99,85,75,78,62,63,71,62,-8,-14,-73,54,35,145,153,160,159,227,158,161,141,208,201,356,261,283,275,263,256,294,241,279,279,287,290,713]} 1. e4 c5 2. Nc3 Nc6 3. Bb5 Nd4 4. Bc4 e6 $146 ({Predecessor:} 4... Nf6 5. Nge2 {0-1 (26) Kuchynka,L (2314)-Vovk,A (2551) Slovakia 2011}) 5. Nge2 Nf6 6. O-O {B23: Closed Sicilian: Lines without g3} b5 7. Nxb5 Nxb5 8. Bxb5 {The position is equal.} Nxe4 9. d4 Bb7 10. Bf4 ({Predecessor:} 10. Re1 Be7 11. Nf4 Nd6 12. Ba4 cxd4 13. Qxd4 O-O {0-1 (26) Kuchynka,L (2314)-Vovk,A (2551) Slovakia 2011}) 10... Qa5 (10... Be7 $15) 11. c4 $14 a6 12. Ba4 cxd4 13. Nxd4 {aiming for Bxd7+!} Rd8 14. a3 {And now b4 would win.} Qb6 {[#]} 15. Be3 ({White should play} 15. Rc1 $1 $16) 15... Qc7 16. Rc1 Be7 17. b4 O-O 18. c5 Qe5 19. Qe2 Bd5 20. Rfd1 ({Worse is} 20. Qxa6 Nxc5 21. bxc5 Ra8 $17) 20... a5 21. f3 Nf6 22. Bf2 Qh5 23. Nb5 axb4 24. axb4 Rb8 {next ...Bc6 is good for Black.} 25. Bg3 (25. Rb1 $14) 25... Rb7 $11 26. Rb1 (26. Qc2 $11) 26... Ra8 (26... Bc6 $17 {...Ra8 is the strong threat.} 27. Bd6 Bxb5 28. Bxb5 Bxd6 29. Rxd6 Rfb8) 27. Bc2 $36 {[%mdl 2048] White has the initiative.} Rc8 ({Better is} 27... Bc6 $14 28. Nd6 Bxd6 29. Bxd6 (29. Rxd6 Nd5 $11) 29... Nd5) 28. Nd6 $16 Bxd6 29. Bxd6 Qh4 (29... Ne8 $16 {was called for.}) 30. Bg3 $18 Qg5 31. Rd4 Bc6 (31... Ne8 $16 32. Qa6 Bc6) 32. Bd3 h6 $2 {[#]} (32... Ra8 {was worth a try.} 33. Bf2 Nd5) 33. Ba6 Nd5 {Now ...Nc3 and Black clings on.} 34. Bxb7 Bxb7 35. Qd2 Qf6 36. Bd6 Ra8 37. b5 Qg6 38. Rc1 Ra3 $2 {Accuracy: White = 60%, Black = 35%.} (38... Qf6 39. c6 dxc6 40. bxc6 Bc8) 1-0

[Event "Moscow Open RSSU Cup 2019"]
[Site "Moscow"]
[Date "2019.01.30"]
[Round "5"]
[White "Fakhrutdinov, Timur"]
[Black "Radzhabov, Rodion"]
[Result "1/2-1/2"]
[WhiteElo "2481"]
[BlackElo "2329"]
[Annotator "RC"]
[PlyCount "139"]
[EventDate "2019.01.26"]
[EventType "swiss"]
[EventCountry "RUS"]
[SourceTitle "playchess.com"]
[Source "ChessBase"]
[SourceQuality "1"]
[TimeControl "40/5400+30:1800+30"]

1. e4 {[%emt 0:00:00]} c5 {[%emt 0:00:00]} 2. Nf3 {[%emt 0:00:00]} e6 {[%emt 0:00:00]} 3. d4 {[%emt 0:00:00]} cxd4 {[%emt 0:00:00]} 4. Nxd4 {[%emt 0:00:00]} a6 {[%emt 0:00:17]} 5. Bd3 {[%emt 0:00:00]} Qc7 {[%emt 0:00:19]} 6. O-O {[%emt 0:00:34]} Nf6 {[%emt 0:00:19]} 7. Qe2 {[%emt 0:00:26]} d6 {[%emt 0:01:16]} 8. c4 {[%emt 0:00:39]} Be7 {[%emt 0:01:44]} 9. Nc3 {[%emt 0:02:50]} Nbd7 {[%emt 0:01:54]} 10. f4 {[%emt 0:03:59]} b6 {[%emt 0:12:22]} 11. Bd2 {[%emt 0:04:06]} Bb7 {[%emt 0:00:26]} 12. b4 {[%emt 0:03:07]} g6 {[%emt 0:14:28]} 13. Rac1 {[%emt 0:12:04]} O-O {[%emt 0:08:37]} 14. f5 {[%emt 0:06:46]} exf5 {[%emt 0:12:20]} 15. exf5 {[%emt 0:14:34]} Qd8 {[%emt 0:03:29]} 16. fxg6 {[%emt 0:19:47]} hxg6 {[%emt 0:00:30]} 17. Nd5 {[%emt 0:08:01]} Nxd5 {[%emt 0:02:08]} 18. cxd5 {[%emt 0:00:06]} Bxd5 {[%emt 0:05:31]} 19. Be4 {[%emt 0:06:02]} Bxe4 {[%emt 0:02:17]} 20. Qxe4 {[%emt 0:00:08]} Ne5 {[%emt 0:01:29]} 21. Qd5 {[%emt 0:08:04]} Qd7 {[%emt 0:02:25]} 22. Rce1 {[%emt 0:00:54]} Rfd8 23. Nf3 {[%emt 0:08:14]} Qe6 {[%emt 0:14:04]} 24. Qxe6 {[%emt 0:00:54]} fxe6 {[%emt 0:00:02]} 25. Nd4 {[%emt 0:00:32]} Rf8 {[%emt 0:05:39]} 26. Nxe6 {[%emt 0:00:17]} Rxf1+ {[%emt 0:00:02]} 27. Rxf1 {[%emt 0:00:07]} Rc8 {[%emt 0:00:06]} 28. Rc1 {[%emt 0:00:42]} Nc4 {[%emt 0:00:17]} 29. Bc3 {[%emt 0:00:51]} Kf7 {[%emt 0:02:06]} 30. Nf4 {[%emt 0:00:37]} Ne3 {[%emt 0:04:25]} 31. Bd2 {[%emt 0:00:25]} Rxc1+ {[%emt 0:00:03]} 32. Bxc1 {[%emt 0:00:03]} Nc4 {[%emt 0:00:15]} 33. Nd5 {[%emt 0:00:39]} Bd8 {[%emt 0:00:12]} 34. Kf2 {[%emt 0:00:30]} Ke6 {[%emt 0:00:55]} 35. Nf4+ {[%emt 0:00:28]} Kf5 {[%emt 0:00:06]} 36. h3 {[%emt 0:00:49]} g5 {[%emt 0:00:14]} 37. g4+ {[%emt 0:00:38]} Ke5 {[%emt 0:00:09]} 38. Nd3+ {[%emt 0:00:32]} Kd4 {[%emt 0:01:04]} 39. Ne1 {[%emt 0:00:31]} Ne5 {[%emt 0:01:02]} 40. Bb2+ {[%emt 0:00:00]} Ke4 {[%emt 0:00:00]} 41. Ke2 {[%emt 0:07:13]} Bf6 {[%emt 0:07:15]} 42. Nd3 {[%emt 0:06:55]} Nxd3 {[%emt 0:03:42]} 43. Bxf6 {[%emt 0:00:10]} Nf4+ {[%emt 0:00:07]} 44. Kf2 {[%emt 0:04:04]} d5 {[%emt 0:01:15]} 45. Kg3 {[%emt 0:03:43]} Ne6 {[%emt 0:02:31]} 46. h4 {[%emt 0:02:18]} gxh4+ {[%emt 0:00:14]} 47. Kxh4 {[%emt 0:01:45]} d4 {[%emt 0:02:18]} 48. g5 {[%emt 0:02:47]} d3 {[%emt 0:19:50]} 49. Bc3 {[%emt 0:00:05]} Nxg5 {[%emt 0:00:30]} 50. Kxg5 {[%emt 0:00:25]} Ke3 {[%emt 0:00:02]} 51. Kf5 {[%emt 0:01:52]} d2 {[%emt 0:01:21]} 52. Bxd2+ {[%emt 0:00:13]} Kxd2 {[%emt 0:00:02]} 53. Ke5 {[%emt 0:01:17]} Kc3 {[%emt 0:00:13]} 54. b5 {[%emt 0:00:16]} axb5 {[%emt 0:00:13]} 55. Kd5 {[%emt 0:00:21]} Kb2 {[%emt 0:02:08]} 56. Kc6 {[%emt 0:00:12]} b4 {[%emt 0:00:07]} 57. Kb5 {[%emt 0:00:07]} Ka3 {[%emt 0:00:07]} 58. Kc4 {[%emt 0:00:07]} Ka4 {[%emt 0:00:17]} 59. Kd5 {[%emt 0:00:22]} Kb5 {[%emt 0:02:18]} 60. Kd4 {[%emt 0:00:28]} Ka6 {[%emt 0:02:02]} 61. Kd5 {[%emt 0:02:29]} Kb5 {[%emt 0:00:23]} 62. Kd4 {[%emt 0:00:09]} Ka4 {[%emt 0:00:52]} 63. Kd5 {[%emt 0:00:41]} Ka3 {[%emt 0:00:27]} 64. Kc4 {[%emt 0:00:16]} Ka4 {[%emt 0:00:16]} 65. Kd5 {[%emt 0:00:12]} Ka5 {[%emt 0:00:50]} 66. Kc4 {[%emt 0:00:16]} Ka4 {[%emt 0:00:13]} 67. Kd5 {[%emt 0:00:17]} b5 {[%emt 0:00:35]} 68. Kc6 {[%emt 0:00:57]} Ka3 {[%emt 0:00:29]} 69. Kxb5 {[%emt 0:00:06]} Kxa2 {[%emt 0:00:02]} 70. Kxb4 {[%emt 0:00:09]} 1/2-1/2

[Event "Moscow Open RSSU Cup 2019"]
[Site "Moscow"]
[Date "2019.01.30"]
[Round "5"]
[White "Bryakin, Mikhail"]
[Black "Grachev, Boris"]
[Result "1/2-1/2"]
[WhiteElo "2426"]
[BlackElo "2626"]
[Annotator "TA"]
[PlyCount "80"]
[EventDate "2019.01.26"]
[EventType "swiss"]
[EventCountry "RUS"]
[SourceTitle "playchess.com"]
[Source "ChessBase"]
[SourceQuality "1"]

{[%evp 14,80,23,23,23,23,23,23,20,20,27,20,20,19,30,28,13,18,14,17,21,20,9,12,15,6,12,16,22,5,13,7,6,-12,-11,-15,-16,-16,-10,-11,-11,-19,-4,-4,-4,-6,-6,-6,-6,-20,0,0,0,0,0,-4,-4,-4,0,0,0,0,0,0,0,0,0,0,0]} 1. d4 d5 2. Nf3 Nf6 3. c4 e6 4. g3 dxc4 5. Bg2 Bd7 6. Ne5 Bc6 7. Nxc6 Nxc6 8. O-O Qd7 {E04: Open Catalan: 5 Nf3} 9. e3 Rd8 10. Qe2 e5 {White has an edge.} 11. Qxc4 exd4 12. Qb5 Rb8 13. Rd1 a6 14. Qc4 {[%cal Re3d4]} Bd6 15. exd4 {The position is equal.} O-O 16. Nc3 {[#]} h6 $146 17. b3 Ne7 18. Bb2 Rfe8 19. a4 Nc6 {[%cal Be7c6,Bc6b4,Bb4d5][%mdl 32]} 20. Nd5 Nxd5 21. Qxd5 Nb4 22. Qf3 Qe6 23. Qc3 Nd5 24. Qd2 c6 25. Re1 Qf5 {aiming for ...Bb4.} 26. Rxe8+ Rxe8 27. Re1 Re6 (27... Kf8 {keeps more tension.} 28. Bc3 h5 29. Ba5 Rxe1+ 30. Qxe1 g6) 28. Rxe6 Qxe6 29. Bf3 Kf8 30. Qd3 g6 31. Bc1 Qe1+ 32. Qf1 Qxf1+ 33. Kxf1 h5 34. Bxd5 cxd5 $11 {[%mdl 4096] Endgame KB-KB} 35. h3 f5 36. Bg5 Ke8 37. Ke2 Kd7 38. Kd3 Bb4 39. f3 Kc6 40. g4 fxg4 {Accuracy: White = 79%, Black = 86%.} 1/2-1/2

[Event "Moscow Open RSSU Cup 2019"]
[Site "Moscow"]
[Date "2019.01.30"]
[Round "5"]
[White "Babarykin, Stanislav"]
[Black "Savchenko, Boris"]
[Result "0-1"]
[WhiteElo "2411"]
[BlackElo "2562"]
[Annotator "TA"]
[PlyCount "58"]
[EventDate "2019.01.26"]
[EventType "swiss"]
[EventCountry "RUS"]
[SourceTitle "playchess.com"]
[Source "ChessBase"]
[SourceQuality "1"]

{[%evp 17,58,0,0,-31,-30,-30,-30,-33,-22,-31,-31,-33,-31,-34,-27,-26,-27,-25,-22,-24,-15,-26,0,0,0,-22,0,-158,-158,-156,-156,-190,-190,-286,-261,-250,-259,-246,-245,-267,-173,-172,-169]} 1. d4 d6 2. e4 Nf6 3. Nc3 e5 4. dxe5 dxe5 5. Qxd8+ Kxd8 6. Bg5 Be6 7. O-O-O+ Kc8 8. Nf3 Nbd7 9. Bh4 h6 {LiveBook: 10 Games} 10. Bxf6 {B07: Pirc Defence: Miscellaneous Systems} gxf6 11. Nh4 c6 12. Kb1 $146 {Black has an edge.} ({Predecessor:} 12. Be2 Bc5 13. Rhf1 h5 14. Nf5 Kc7 15. h4 Rhg8 16. g3 b5 17. Rd3 Bb6 {½-½ (37) Pap,M (2509)-Popovic,D (2564) Vrnjacka Banja 2010}) 12... Kc7 13. Ne2 {[%cal Bc3e2,Be2g3,Bg3f5,Bf5e3][%mdl 32]} Bc5 14. f3 Nf8 {[%cal Bd7f8,Bf8g6,Bg6f4][%mdl 32]} 15. Ng3 Ng6 16. Ngf5 $1 Rad8 17. Rxd8 Rxd8 {[%cal Rd8d1] [#]} 18. Bd3 $1 Nf4 $40 {[%mdl 128] Black has some attack.} 19. Rd1 Bf8 20. Ne3 Bc5 21. Nhf5 h5 22. Bf1 $2 ({Better is} 22. g3 $1 $11 Ng6 23. Re1) 22... Bxf5 $1 $17 23. Rxd8 {Black must now prevent Rh8.} Bxe3 ({And not} 23... Kxd8 24. Nxf5 Bg1 25. h4 $14) 24. Rf8 {[#]} Bg6 $1 25. Bc4 (25. Rh8 $142) 25... Bc5 26. Rg8 Nxg2 27. Bxf7 Bxf7 28. Rg7 Be7 29. Rxf7 Kd6 {Precision: White = 67%, Black = 56%.} 0-1

[Event "Moscow Open RSSU Cup 2019"]
[Site "Moscow"]
[Date "2019.01.30"]
[Round "5"]
[White "Savitskiy, Sergey"]
[Black "Lysyj, Igor"]
[Result "1/2-1/2"]
[WhiteElo "2411"]
[BlackElo "2633"]
[Annotator "TA"]
[PlyCount "87"]
[EventDate "2019.01.26"]
[EventType "swiss"]
[EventCountry "RUS"]
[SourceTitle "playchess.com"]
[Source "ChessBase"]
[SourceQuality "1"]

{[%evp 13,87,24,21,4,11,11,11,11,10,10,19,10,18,1,10,16,24,23,24,26,27,26,34,19,27,0,0,0,2,0,0,0,0,0,0,0,0,0,0,0,0,0,0,-77,0,0,0,0,0,0,0,0,0,0,0,0,0,0,8,8,8,8,8,8,8,8,8,8,8,0,0,0,0,0,0,0]} 1. e4 e6 2. d4 d5 3. Nc3 dxe4 4. Nxe4 Nd7 5. Nf3 Ngf6 6. Nxf6+ Nxf6 7. Be3 Bd6 {LiveBook: 40 Games. C10: French with 3 Nc3: Unusual Black 3rd moves and 3...dxe4} (7... Nd5 8. Bd2 c5 9. Bb5+ Bd7 10. Bxd7+ Qxd7 11. c4 Nb6 12. Rc1 Be7 13. dxc5 Bxc5 14. b4 Be7 15. c5 {1-0 (42) Wei,Y (2743)-Lu,S (2641) Shenzhen 2017}) 8. c4 (8. Bd3 {seems wilder.} O-O 9. O-O b6 10. Qe2 Bb7 11. Rad1) 8... Bb4+ 9. Bd2 Bxd2+ 10. Qxd2 b6 11. Be2 Bb7 12. O-O O-O 13. Qe3 $146 ({Predecessor:} 13. Rad1 Qe7 14. Ne5 Rfd8 15. Qg5 c5 16. dxc5 Qxc5 {0-1 (42) Gultresa Boada,I (2076)-Ruiz de Morales Cespedes,J (1826) Santa Eugenia 2014}) 13... Qe7 14. Ne5 c5 15. dxc5 Qxc5 16. Qxc5 bxc5 17. Rfd1 Rfd8 18. Rxd8+ Rxd8 19. Rd1 (19. Nd3 {with more complications.} Nd7 20. Rd1 Rc8 21. b3 Kf8 22. f4) 19... Rxd1+ 20. Bxd1 $11 {[%mdl 4096] Endgame KBN-KBN} Kf8 21. f3 Ke7 22. Ba4 Ng8 23. a3 a5 24. Kf2 f6 25. Nd3 Kd6 26. b4 axb4 27. axb4 cxb4 28. c5+ {[#]} (28. Ke3 $11) 28... Kc7 (28... Kd5 $1 $17 {[%cal Rd5c4] Hoping for ...Kc4.} 29. c6 Bc8 30. Nxb4+ Kc5 31. Nd3+ Kd6) 29. Nxb4 {The position is equal.} Ne7 30. f4 Nd5 31. Nxd5+ Bxd5 {KB-KB} 32. g3 g5 33. fxg5 fxg5 34. Ke3 e5 $1 35. Bc2 Kc6 36. Bxh7 Kxc5 37. h4 gxh4 38. gxh4 {[%cal Bg3h4,Bh4h5][%mdl 32]} Kd6 39. h5 Ke7 40. h6 Kf6 41. Be4 Bxe4 42. Kxe4 Kg6 43. Kxe5 Kxh6 44. Ke4 {Precision: White = 60%, Black = 83%.} 1/2-1/2